<?xml version="1.0" encoding="UTF-8"?>
<record
    xmlns:xsi="http://www.w3.org/2001/XMLSchema-instance"
    xsi:schemaLocation="http://www.loc.gov/MARC21/slim http://www.loc.gov/standards/marcxml/schema/MARC21slim.xsd"
    xmlns="http://www.loc.gov/MARC21/slim">

  <leader>00413    a2200109   4500</leader>
  <controlfield tag="001">ART_22264</controlfield>
  <controlfield tag="005">20260410161851.0</controlfield>
  <controlfield tag="008">260409a                                 </controlfield>
  <datafield tag="245" ind1="1" ind2="0">
    <subfield code="a">La necesidad de revisi&#xF3;n del monto de la pena durante su ejecuci&#xF3;n</subfield>
  </datafield>
  <datafield tag="100" ind1="1" ind2=" ">
    <subfield code="a">Carrozza, Mar&#xED;a Soledad</subfield>
  </datafield>
  <datafield tag="773" ind1="0" ind2=" ">
    <subfield code="t">Derecho Penal</subfield>
    <subfield code="g">Determinaci&#xF3;n judicial de la pena. Ejecuci&#xF3;n de la pena - A&#xF1;o II, N&#xBA; 6 (dic. 2013)</subfield>
    <subfield code="w">REV10351</subfield>
  </datafield>
  <datafield tag="999" ind1=" " ind2=" ">
    <subfield code="c">25034</subfield>
    <subfield code="d">25034</subfield>
  </datafield>
</record>
